书目信息 |
| 题名: |
量子机器学习
|
|
| 作者: | 孙翼 , 王安民 , 张鹏飞 编著 | |
| 分册: | ||
| 出版信息: | 合肥 中国科学技术大学出版社 2022.01 |
|
| 页数: | 379页 | |
| 开本: | 26cm | |
| 丛书名: | 量子科学出版工程 | |
| 单 册: | ||
| 中图分类: | TP385 , TP38 | |
| 科图分类: | ||
| 主题词: | 量子计算机--liang zi ji suan ji--机器学习 | |
| 电子资源: | ||
| ISBN: | 978-7-312-04908-8 | |
| 000 | 01347nam 2200313 450 | |
| 001 | 2252587270 | |
| 005 | 20220915143650.42 | |
| 010 | @a978-7-312-04908-8@dCNY96.00 | |
| 100 | @a20220411d2022 em y0chiy50 ea | |
| 101 | 0 | @achi |
| 102 | @aCN@b340000 | |
| 105 | @aa a 000yy | |
| 200 | 1 | @a量子机器学习@Aliang zi ji qi xue xi@d= Quantum machine learning@f孙翼, 王安民, 张鹏飞等编著@zeng |
| 210 | @a合肥@c中国科学技术大学出版社@d2022.01 | |
| 215 | @a379页@c图@d26cm | |
| 225 | 2 | @a量子科学出版工程@Aliang zi ke xue chu ban gong cheng@h第一辑 |
| 300 | @a国家出版基金项目 “十三五”国家重点出版物出版规划项目 | |
| 320 | @a有书目 | |
| 330 | @a量子机器学习是物理学与计算机科学交叉的研究领域, 它利用量子计算具有的天然并行计算优点来改进机器学习昂贵的经典算法。本书较全面地讨论了经典机器学习与量子机器学习的理论与框架以及最近的研究动态, 尽可能涵盖经典机器学习基础知识的各个方面, 也包括最前沿的一些重要研究方向和成果介绍, 并涉及最前沿的机器学习在物理学领域的应用。 | |
| 410 | 0 | @12001 @a量子科学出版工程@h第一辑 |
| 510 | 1 | @aQuantum machine learning@zeng |
| 606 | 0 | @a量子计算机@Aliang zi ji suan ji@x机器学习 |
| 690 | @aTP385@v5 | |
| 690 | @aTP38@v4 | |
| 701 | 0 | @a孙翼@Asun yi@4编著 |
| 701 | 0 | @a王安民@Awang an min@4编著 |
| 701 | 0 | @a张鹏飞@Azhang peng fei@4编著 |
| 801 | 0 | @aCN@b人天书店@c20220411 |
| 905 | @aZUCC@dTP38@e2 | |
| 量子机器学习= Quantum machine learning/孙翼, 王安民, 张鹏飞等编著.-合肥:中国科学技术大学出版社,2022.01 |
| 379页:图;26cm.-(量子科学出版工程.第一辑) |
| 国家出版基金项目 “十三五”国家重点出版物出版规划项目 |
| ISBN 978-7-312-04908-8:CNY96.00 |
| 量子机器学习是物理学与计算机科学交叉的研究领域, 它利用量子计算具有的天然并行计算优点来改进机器学习昂贵的经典算法。本书较全面地讨论了经典机器学习与量子机器学习的理论与框架以及最近的研究动态, 尽可能涵盖经典机器学习基础知识的各个方面, 也包括最前沿的一些重要研究方向和成果介绍, 并涉及最前沿的机器学习在物理学领域的应用。 |
| ● |
| 相关链接 |
|
|
|
正题名:量子机器学习
索取号:TP38/2
 
预约/预借
| 序号 | 登录号 | 条形码 | 馆藏地/架位号 | 状态 | 备注 |
| 1 | 2000891910 | 2000891910 | 第三书库/ [索取号:TP38/2] | 在馆 | |
| 2 | 2000891911 | 2000891911 | 第三书库/ [索取号:TP38/2] | 在馆 | |
| 3 | 2000891912 | 2000891912 | 第三书库/ [索取号:TP38/2] | 在馆 |